000 00538nam a22001817a 4500
999 _c9312
_d9312
008 210403b ||||| |||| 00| 0 eng d
040 _aBMS College of Architecture
100 _aRekha, Seema
245 _aCenter for science and arts Bangalore
300 _aNA
500 _a1BM99AT031
502 _8B.Arch
_NBMS College of Architecture, Visvesvaraya Technological University
_aProject report
_d2003
650 _aArts
650 _aScience
700 _aMamataha P Raj
_eGuide
700 _aK R Madhuchand
_eGuide
942 _2ddc
_cTHE